LEADER 01630nas 2200481 c 450 001 9910890806703321 005 20260218111156.0 024 7 $aurn:nbn:de:bsz:16-diglit-452191 035 $a(CKB)1000000000262359 035 $a(DE-101)1059605244 035 $a(DE-599)ZDB2794118-8 035 $a(DE-599)2794118-8 035 $a(EXLCZ)991000000000262359 100 $a20141017b18561861 |y | 101 0 $ager 135 $aur||||||||||| 181 $ctxt$2rdacontent 182 $cc$2rdamedia 183 $acr$2rdacarrier 200 10$aJahrbuch der K.K. Central-Commission zur Erforschung und Erhaltung der Baudenkmale 210 31$aWien$d1856-1861 215 $aOnline-Ressource 311 08$a0258-5553 517 $aJahrbuch der Kaiserl. Königl. Central-Commission zur Erforschung und Erhaltung der Baudenkmale 517 1 $aKaiserlich-Ko?niglichen Zentral-Kommission 606 $aDenkmalpflege$3(DE-588)4011455-7$3https://d-nb.info/gnd/4011455-7$3(DE-101)040114554$2gnd 606 $aDenkmalpflege$3(DE-588)4011455-7$3https://d-nb.info/gnd/4011455-7$3(DE-101)040114554$2gnd 607 $aÖsterreich-Ungarn$2gnd 607 $aÖsterreich$2gnd 608 $aZeitschrift$2gnd-content 608 $aZeitschrift$2gnd 608 $aZeitschrift$2gnd 615 7$aDenkmalpflege. 615 7$aDenkmalpflege. 676 $a060 686 $aKUNST$qDE-16$2fid 801 0$b9001 801 1$bDE-101 801 2$b9001 906 $aJOURNAL 912 $a9910890806703321 996 $aJahrbuch der K.K. Central-Commission zur Erforschung und Erhaltung der Baudenkmale$94269737 997 $aUNINA